|
|
|
|
| LEADER |
00000csc a2200000 a 4500 |
| 001 |
58288 |
| 005 |
20230308210759.0 |
| 008 |
993061|1967 ||||||||r|||||||||||spa|| |
| 040 |
|
|
|b spa
|
| 041 |
1 |
|
|a spa
|
| 082 |
0 |
|
|a 861.6
|
| 100 |
1 |
|
|a Albareda Herrera, Gines de
|9 289565
|
| 245 |
1 |
1 |
|a Poesía
|c Gines de Albareda Herrera
|h imp
|n no.35
|
| 264 |
|
|
|a Madrid
|b Ediciones Cultura Hispánica
|c 1967
|
| 300 |
|
|
|a 147 páginas:
|c 20,5 cm
|
| 490 |
|
|
|a Poesía de España y América
|p La encina y el mar
|v no. 35
|
| 650 |
1 |
|
|a Literatura española
|9 218293
|
| 650 |
1 |
|
|a Poesia
|9 456
|
| 852 |
|
|
|a UC-CDJBV
|c TERCER PISO
|f Donación
|k npena
|l 1
|m General
|p 19930610
|q 20,00
|t 58288
|b 0
|d CDRC
|e CDRC
|g 861.6 TERCER PISO
|z 1993-30-61
|
| 942 |
|
|
|
| 999 |
|
|
|c 116462
|d 116462
|